000 00584cab a2200217 4500
001 ABS40475
008 090401t1989 xxu||||| |||| 00| 0 eng d
035 _a(Sirsi) u24153
041 _aeng
100 _aHancock, M.
245 _aSmallholdings statistics
260 _c1989
350 _a0
490 _aCounty Councils Gazette
_v81(11) February 1989, 324-329(6)
520 _aAn analysis of CIPFA `s smallholdings statistics for 1989-88.
650 _aAGRICULTURAL HOLDINGS
690 _aRURAL PRACTICE
700 _aStandivan, B.
942 _n0
948 _c04/03/1997
999 _c16180
_d16180